[Event "Prague spring tournament"]
[Site "SchemingMind.com"]
[Date "2009.04.07"]
[Round "-"]
[White "z"]
[Black "keen"]
[Result "1/2-1/2"]
[WhiteCountry "IRQ"]
[BlackCountry "SCO"]
[WhiteElo "1864"]
[WhiteRD "79"]
[BlackElo "1654"]
[BlackRD "59"]
[GameID "199582"]

1. d4 d5 2. c4 e6 3. Nc3 c5 4. cxd5 exd5 5. Nf3 Nc6 6. g3 Nf6 7. Bg2 Be7 8. O-O O-O 9. Bg5 b6 10. Rc1 Bb7
11. e3 h6 12. Bxf6 Bxf6 13. dxc5 bxc5 14. Nxd5 Rb8 15. Rxc5 Bxb2 16. Qc2 Ne7 17. Nxe7+ Qxe7 18. Nd2 Bxg2 19. Kxg2 Bf6 20. Ne4 Rb2
21. Nxf6+ Qxf6 22. Qc4 Re8 23. Kg1 Qf3 24. Rc8 Rxc8 25. Qxc8+ Kh7 26. Qa6 Qd5= 27. a4 Qc5 28. Re1 Rc2 29. Re2 Rc1+ 30. Kg2 Rd1
31. Qb5 Qc7 32. Rb2 Ra1 33. Qb7 Qc4 34. Qb5 Rxa4 35. Qxc4 Rxc4 36. Rb7 f6 37. Rxa7 Kg6 38. Ra2 Rc1 39. Re2 Kf5 40. e4+ Ke6
41. Kf3 Rc3+ 42. Kg4 g6 43. h4 h5+ 44. Kf4 Rc5 45. g4 g5+ 46. Kg3 hxg4 47. Kxg4 gxh4 48. Kxh4 Ke5 49. Kg4 Rc1 50. f4+ Ke6
51. e5 Rg1+ 52. Kf3 Rh1 53. Kg2 Rh5 54. exf6+ Kxf6 55. Kg3 Rf5 56. Kg4 Rd5 57. Re4 Rc5 58. Rb4 Rc1 59. Rb6+ Kg7 60. Kf5 Rf1
61. Rb7+ Kf8 62. Rb5 Kf7 63. Rb7+ Kf8 64. Rb8+ Kf7 65. Rb7+ Kf8 66. Rb8+ Kf7 67. Rb7+ Kf8 68. Rb8+ Kf7 69. Rb7+ Kf8
1/2-1/2